000 00447nam a2200169Ia 4500
005 20250923144349.0
008 008 250917s9999 xx 000 0 eng d
037 _aTextual
040 _aDSWL
_beng
_cDSWL
041 _aeng
_2eng
084 _qDSWL
100 _aSchiff, Leonard
_9824123
245 0 _aChristian social tradition
_cby Leonard Schiff
260 _aKottayam
_c1941
942 _cTEXL
999 _c1437933
_d1437933